00361pab a2200133 454500008004000000100002200040245004600062260000900108300001600117362001200133650003200145650001600177773003400193180718b1999 xxu||||| |||| 00| 0 eng d aRumbaut, Ruben G. aImmigration research in the United States c1999 ap.1285-1301 aJun-Jul aImmigration - United States aImmigration aAmerican Behavioral Scientist